Homeri Opera. (Record no. 55776)
[ view plain ]
| 000 -LEADER | |
|---|---|
| fixed length control field | 01042nam a22002417a 4500 |
| 008 - FIXED-LENGTH DATA ELEMENTS--GENERAL INFORMATION | |
| fixed length control field | 210105b ||||| |||| 00| 0 eng d |
| 020 ## - INTERNATIONAL STANDARD BOOK NUMBER | |
| International Standard Book Number | 0198145314 |
| 050 ## - LIBRARY OF CONGRESS CALL NUMBER | |
| Classification number | PA3405.S8 |
| Item number | H8 1917 |
| 100 ## - MAIN ENTRY--PERSONAL NAME | |
| Personal name | Homer |
| 240 ## - UNIFORM TITLE | |
| Uniform title | <a href="Works. 1912 ">Works. 1912 </a> |
| 245 ## - TITLE STATEMENT | |
| Title | Homeri Opera. |
| Remainder of title | recognoverunt brevique adnotatione critica instrvxit |
| Statement of responsibility, etc | Thomas W. Allen |
| 260 ## - PUBLICATION, DISTRIBUTION, ETC. (IMPRINT) | |
| Place of publication, distribution, etc | Oxonii, |
| -- | Oxford: |
| Name of publisher, distributor, etc | e typographeo Clarendoniano |
| -- | Oxford University Press |
| Date of publication, distribution, etc | 1917 |
| 300 ## - PHYSICAL DESCRIPTION | |
| Extent | 2 vols. |
| 440 ## - SERIES STATEMENT/ADDED ENTRY--TITLE | |
| Title | Scriptorum classicorum bibliotheca Oxoniensis |
| 440 ## - SERIES STATEMENT/ADDED ENTRY--TITLE | |
| Title | Oxford Classical Texts |
| 500 ## - GENERAL NOTE | |
| General note | Binders title. |
| 500 ## - GENERAL NOTE | |
| General note | 500 Vols. 3-5 edited by Thomas W. Allen |
| 505 ## - FORMATTED CONTENTS NOTE | |
| Formatted contents note | 505 0 Contents.--t. I-II. Ilias. 3rd ed. 1920.--t. III.-IV. Odyssea. 2nd ed. 1917-1919.--t. V. Hymni. Cyclus. Fragmenta. Margites. Batrachomyomachia. Vitae. 1912 |
| 700 ## - ADDED ENTRY--PERSONAL NAME | |
| Personal name | Allen, Thomas W. |
| Dates associated with a name | 1862-1950 |
| Fuller form of name | (Thomas William), |
| 700 ## - ADDED ENTRY--PERSONAL NAME | |
| Personal name | Monro, D. B. |
| Dates associated with a name | 1836-1905 |
| Fuller form of name | (David Binning), |
| 856 ## - ELECTRONIC LOCATION AND ACCESS | |
| Host name | 830 0 Scriptorum classicorum bibliotheca Oxoniensis |
| 942 ## - ADDED ENTRY ELEMENTS (KOHA) | |
| Source of classification or shelving scheme | Library of Congress Classification |
| Item type | Book |
| Withdrawn status | Lost status | Source of classification or shelving scheme | Damaged status | Not for loan | Collection code | Home library | Current library | Shelving location | Date acquired | Source of acquisition | Cost, normal purchase price | Full call number | Barcode | Copy number | Price effective from | Koha item type |
|---|---|---|---|---|---|---|---|---|---|---|---|---|---|---|---|---|
| Library of Congress Classification | Non-fiction | Bishop Okullu Memorial Library (Limuru Campus) | Bishop Okullu Memorial Library (Limuru Campus) | General Circulation | 05/01/2021 | Donation-TBN | 5500.00 | PA3405 .S8 H8 1917 | 064712 | 1 | 05/01/2021 | Book |